Kesultanan aceh (Record no. 100663)

MARC details
000 -LEADER
fixed length control field 00709nam a2200217 i 4500
001 - CONTROL NUMBER
control field C2-0296195
003 - CONTROL NUMBER IDENTIFIER
control field PPAK
005 - DATE AND TIME OF LATEST TRANSACTION
control field 20180728074554.0
008 - FIXED-LENGTH DATA ELEMENTS--GENERAL INFORMATION
fixed length control field 090415s1982 io |||| ||||| | may d
040 ## - CATALOGING SOURCE
Original cataloging agency PPAK
Language of cataloging eng
Transcribing agency PPAK
Description conventions rda
082 04 - DEWEY DECIMAL CLASSIFICATION NUMBER
Classification number 351.00312
Edition number 23
090 00 - LOCALLY ASSIGNED LC-TYPE CALL NUMBER (OCLC); LOCAL CALL NUMBER (RLIN)
Classification number (OCLC) (R) ; Classification number, CALL (RLIN) (NR) 351.00312
Feature heading DJA
Feature heading KIH
100 0# - MAIN ENTRY--PERSONAL NAME
Personal name raden hoesein djajadiningrat,
Relator term author
245 10 - TITLE STATEMENT
Title Kesultanan aceh
Remainder of title Suatu pembahasan tenteng sejarah kesultanan aceh berdasarkan bahan-bahan yang terdapat dalam karya melayu
264 #1 - PRODUCTION, PUBLICATION, DISTRIBUTION, MANUFACTURE, AND COPYRIGHT NOTICE
Place of production, publication, distribution, manufacture Aceh, Indonesia :
Name of producer, publisher, distributor, manufacturer Museum negeri aceh ,
Date of production, publication, distribution, manufacture, or copyright notice 1982/1983
300 ## - PHYSICAL DESCRIPTION
Extent 136 pages ;
Dimensions 23 cm
336 ## - CONTENT TYPE
Source rdacontent
Content type term text
337 ## - MEDIA TYPE
Source rdamedia
Media type term unmediated
338 ## - CARRIER TYPE
Source rdacarrier
Carrier type term volume
942 ## - ADDED ENTRY ELEMENTS (KOHA)
-- dc
Koha item type Book
Holdings
Withdrawn Not for loan Current library Shelving location Date acquired Full call number Barcode Date last seen Koha item type
  Not For Loan Perpustakaan Alor Setar Koleksi Ismail Hussein 15/04/2009 KIH 351.00312 DJA A00172038 09/05/2018 Book